ՀՀ Գիտությունների ազգային ակադեմիայի հիմնարար գիտական գրադարան  =   Fundamental Scientific Library of NAS RA

Վանքը : (Record no. 13912)

MARC details
000 -LEADER
fixed length control field 00909nam a2200229 a 4500
001 - CONTROL NUMBER
control field 000030290
003 - CONTROL NUMBER IDENTIFIER
control field AM-YEHGA
005 - DATE AND TIME OF LATEST TRANSACTION
control field 20250618070933.0
008 - FIXED-LENGTH DATA ELEMENTS--GENERAL INFORMATION
fixed length control field 971110s1962 ai |||||||||||||||||arm|d
020 ## - INTERNATIONAL STANDARD BOOK NUMBER
Terms of availability 23.00
040 ## - CATALOGING SOURCE
Original cataloging agency AM-YeHGA
041 0# - LANGUAGE CODE
Language code of text/sound track or separate title arm
090 ## - LOCALLY ASSIGNED LC-TYPE CALL NUMBER (OCLC); LOCAL CALL NUMBER (RLIN)
-- 14018
100 1# - MAIN ENTRY--PERSONAL NAME
Personal name Չյոկյուրյան, Տիգրան,
Dates associated with a name 1884-1915
9 (RLIN) 6876
245 10 - TITLE STATEMENT
Title Վանքը :
Remainder of title (Վարդապետի մը օրագիրը) /
Statement of responsibility, etc. Տ. Չյոկյուրյան; Կազմ. և առաջաբ. հեղ.՝ Ռ. Սարգսյան; Խմբ.՝ Վ.Տ. Դաքեսյան.
260 ## - PUBLICATION, DISTRIBUTION, ETC.
Place of publication, distribution, etc. Երևան :
Name of publisher, distributor, etc. Հայպետհրատ,
Date of publication, distribution, etc. 1962.
300 ## - PHYSICAL DESCRIPTION
Extent 178 էջ :
Other physical details դիմանկ. ;
Dimensions 17 սմ.
650 14 - SUBJECT ADDED ENTRY--TOPICAL TERM
Topical term or geographic name entry element Արևմտահայ գրականություն
General subdivision Վեպ
700 1# - ADDED ENTRY--PERSONAL NAME
Personal name Սարգսյան, Ռ.
Relator term կազմ.
Relationship com
Relator term առաջաբ.
Relationship aui
700 1# - ADDED ENTRY--PERSONAL NAME
Personal name Դաքեսյան, Վահան Տիգրանի,
Dates associated with a name 1905-1982
Relator term խմբ.
Relationship edt
9 (RLIN) 2551
942 ## - ADDED ENTRY ELEMENTS (KOHA)
Source of classification or shelving scheme Universal Decimal Classification
Koha item type Գրքեր / Books
Holdings
Withdrawn status Lost status Damaged status Not for loan Collection Home library Current library Date acquired Total checkouts Full call number Barcode Date last seen Cost, replacement price Price effective from Koha item type Public note
        General Fundamental Scientific Library Fundamental Scientific Library 21/12/2016   AI/2587 FL0037069 21/12/2016 23.00 21/12/2016 Գրքեր / Books 30 Days Loan
        General Fundamental Scientific Library Fundamental Scientific Library 21/12/2016   AI/2588 FL0037070 21/12/2016 23.00 21/12/2016 Գրքեր / Books 30 Days Loan
        General Fundamental Scientific Library Fundamental Scientific Library 21/12/2016   AI/2589 FL0037071 21/12/2016 23.00 21/12/2016 Գրքեր / Books 30 Days Loan
        Kusikian Individual Collection Fundamental Scientific Library Fundamental Scientific Library 09/03/2021   Կուս/2334 FL0638554 09/03/2021   09/03/2021 Գրքեր / Books ILL Non Circ


ՀՀ ԳԱԱ հիմնարար գիտական գրադարան
ՀՀ,Երևան 0019
Մարշալ Բաղրամյան 24/6
հեռախոս:(374-10) 52-47-50
Հետադարձ կապ

All site content, except where otherwise noted, is licensed under a
Creative Commons License